000 00949nam a2200181Ia 4500
008 100920s9999 xx 000 0 und d
082 _b83529
_a24 न 01
100 _aसिन्हा जे. बी.
245 _aबाबासाहब अम्बेडकर सामाजिक न्याय एवं दलितोत्थान की योजनाएँ.
260 _bशब्दभारती प्रकाशन.इलहाबाद.
_c2001
300 _a142
_bसाधी
365 _b160
520 _aसायो.
630 _aबाबासाहब अम्बेडकर सामाजिक न्याय एवं दलितोत्थान की योजनाएँ.
650 _aसायो.
730 _aबाबासाहब अम्बेडकर सामाजिक न्याय एवं दलितोत्थान की योजनाएँ.
942 _cBOOK
999 _c724153
_d724150